000 00764cam a2200217 i 4500
005 20251221100413.0
008 250721s1996 jo gr 000 0 ara d
082 1 4 _a217.8
_bر م ل
100 1 _aالرملي، محمد شومان
_eمؤلف.
245 1 0 _aسرير المنايا أو النعش /
_cبقلم محمد شومان الرملي.
250 _aالطبعه الاولى.
264 3 1 _aعمان :
_bدار الحسن للنشر و التوزيع،
_c1996.
300 _a96 صفحه.
650 1 7 _aدفن الموتى.
650 1 7 _aالاحكام الشرعيه.
650 1 7 _aالفقه الاسلامي.
650 1 7 _aالجناز.
650 1 7 _aصلاه الجنازه.
942 _2ddc
_cBK
999 _c108498
_d108498